The valuation of pipe-line easements and wayleaves; including a description of the Pipe-Lines Act, 1962 (Record no. 86709)
[ view plain ]
| 000 -LEADER | |
|---|---|
| fixed length control field | 00530cam a2200193 4500 |
| 001 - CONTROL NUMBER | |
| control field | D7931 |
| 008 - FIXED-LENGTH DATA ELEMENTS--GENERAL INFORMATION | |
| fixed length control field | 090401t1962 xxu||||| |||| 00| 0 eng d |
| 035 ## - SYSTEM CONTROL NUMBER | |
| System control number | (Sirsi) u10155 |
| 041 ## - LANGUAGE CODE | |
| Language code of text/sound track or separate title | eng |
| 050 ## - LIBRARY OF CONGRESS CALL NUMBER | |
| Classification number | 346.410435 |
| 100 ## - MAIN ENTRY--PERSONAL NAME | |
| Personal name | Poole, R. |
| 245 #4 - TITLE STATEMENT | |
| Title | The valuation of pipe-line easements and wayleaves; including a description of the Pipe-Lines Act, 1962 |
| 260 ## - PUBLICATION, DISTRIBUTION, ETC. | |
| Place of publication, distribution, etc. | London |
| Name of publisher, distributor, etc. | Estates Gazette |
| Date of publication, distribution, etc. | 1962 |
| 300 ## - PHYSICAL DESCRIPTION | |
| Extent | xvi. 189p. 1 plate. 23cm |
| 350 ## - PRICE (NR) (BK AM CF MU VM SE) [OBSOLETE] | |
| Price | 1.5 |
| 700 ## - ADDED ENTRY--PERSONAL NAME | |
| Personal name | Poole, P.M. |
| 942 ## - ADDED ENTRY ELEMENTS (KOHA) | |
| Suppress in OPAC | 0 |
| 948 ## - LOCAL PROCESSING INFORMATION (OCLC); SERIES PART DESIGNATOR (RLIN) | |
| c (OCLC) | 04/03/1997 |
| Withdrawn status | Lost status | Source of classification or shelving scheme | Damaged status | Not for loan | Home library | Current library | Shelving location | Date acquired | Cost, normal purchase price | Total Checkouts | Full call number | Barcode | Date last seen | Copy number | Cost, replacement price | Price effective from | Koha item type | Date last checked out |
|---|---|---|---|---|---|---|---|---|---|---|---|---|---|---|---|---|---|---|
| Dewey Decimal Classification | London | London | Books | 14/09/1999 | 1.50 | 346.410435 | 30006727 | 06/08/2019 | 1 | 1.50 | 06/08/2019 | Book | ||||||
| Dewey Decimal Classification | London | London | Books | 14/09/1999 | 1.50 | 7 | 346.410435 | 30006729 | 06/08/2019 | 2 | 1.50 | 06/08/2019 | Book | 23/01/2003 | ||||
| Dewey Decimal Classification | London | London | Books | 14/09/1999 | 1.50 | 346.410435 | 30006772 | 06/08/2019 | 4 | 1.50 | 06/08/2019 | Reference material |